| 000 | 00821nam a22002057a 4500 | ||
|---|---|---|---|
| 999 |
_c11012 _d11012 |
||
| 003 | AR-CdUCM | ||
| 008 | 190402b ||||| |||| 00| 0 spa d | ||
| 040 |
_aMUNICIPALIDAD PROVINCIAL DEL CUSCO _cBIBLIOTECA MUNICIPAL DEL CUSCO |
||
| 082 |
_211ed. _a373 / _bB24 / 1945 |
||
| 100 |
_aBassi, Angel C. _928120 |
||
| 245 | _aCurso de pedagogía para el primer año de las escuelas normales de la república argentina / | ||
| 260 |
_aBuenos Aires : _bKapeluz, _c1945. |
||
| 300 |
_a727 páginas ; _c20 cm. |
||
| 505 | _aContenido: Los conceptos básicos de la educación -- Los grandes agentes educativos -- El educador y el educando -- La escuela en particular -- Administración escolar ... | ||
| 650 |
_aPedagogía _91560 |
||
| 650 |
_aEducación _9460 |
||
| 650 |
_aTeoría _95077 |
||
| 942 |
_2ddc _cLIBROS |
||
| 945 | _aacv | ||